| 000 | 00716nam a2200277Ia 4500 | ||
|---|---|---|---|
| 008 | 190123s9999 xx 000 0 und d | ||
| 020 | _a9780531215296 | ||
| 050 | _bH567 2016 | ||
| 100 | _aHerrington, Lisa M. | ||
| 245 | 0 | _aWhat's the difference? : | |
| 245 | 0 | _bcheetahs and leopards / | |
| 245 | 0 | _cby Lisa M. Herrington. | |
| 260 | _aNew York, New York : | ||
| 260 | _bChildren's Press, | ||
| 260 | _c2016 | ||
| 300 | _a32 pages : | ||
| 300 | _bcolored illustrations ; | ||
| 300 | _c18cm. | ||
| 440 | _aRookie read-about science. | ||
| 500 | _a550L | ||
| 650 | _aCheetahs. | ||
| 650 | _aChildren's questions and answers. | ||
| 650 | _aLeopards. | ||
| 700 | _aSeries. | ||
| 700 | _aTitle. | ||
| 999 |
_c361030 _d361030 |
||